[Event "2nd Silman TNM: u1600"]
[Site "San Francisco"]
[Date "2025.05.13"]
[Round "2.31"]
[White "Merk, Felix Elias"]
[Black "Kojevnikov, Alexander"]
[Result "1-0"]
[WhiteElo "1267"]
[BlackElo "1044"]
[PlyCount "101"]
[Beauty "6944693691922"]
[GameId "2177611393671347"]
[EventDate "2025.??.??"]

1. d4 d5 2. c4 e6 3. Nc3 c5 4. cxd5 exd5 5. Nf3 Nc6 6. g3 Nf6 7. Bg2 Be7 8. O-O O-O 9. Be3 c4 10. b3 b5 11. Nxb5 Ba6 12. bxc4 dxc4 13. Nc3 Bb4 14. Rc1 Bxc3 15. Rxc3 Nd5 16. Ra3 Bb5 17. Bd2 Re8 18. Bc3 Qd6 19. Qc1 Rxe2 20. Re1 Rae8 21. Rxe2 Rxe2 22. Bd2 a6 23. Rc3 Nxc3 24. Qxc3 Ne7 25. Bf1 Nd5 26. Qc2 Re7 27. Ne5 Rc7 28. Nxc4 Bxc4 29. Bxc4 Qc6 30. Qe4 Nb6 31. Qxc6 Rxc6 32. Bxa6 Rc2 33. Be3 Rxa2 34. Bb7 Ra5 35. Kg2 Nd5 36. Bxd5 Rxd5 37. Kf3 f5 38. Ke2 Kf7 39. Kd3 Ke6 40. Kc4 Rd8 41. h4 Rc8+ 42. Kd3 Kd5 43. Bf4 h5 44. Be5 g6 45. Ke3 Rc2 46. f3 Rc3+ 47. Kf4 Ke6 48. d5+ Kxd5 49. Bxc3 Ke6 50. Kg5 Kf7 51. Bb2 1-0

[Event "2nd Silman TNM: u1600"]
[Site "San Francisco"]
[Date "2025.05.13"]
[Round "2.32"]
[White "Hack, Richard"]
[Black "Starr, Albert Martin"]
[Result "1-0"]
[Annotator "Hack,Richard"]
[WhiteElo "1500"]
[BlackElo "1500"]
[PlyCount "61"]
[Beauty "8249696593958"]
[GameId "2177458581639279"]
[EventDate "2025.??.??"]

1. e4 e5 2. Nf3 Nf6 3. d4 Nxe4 4. dxe5 d5 5. Bd3 Bc5 6. O-O O-O 7. Qe2 Bf5 8.
Nbd2 Nxd2 9. Bxd2 Bxd3 10. Qxd3 h6 11. Rad1 c6 12. c3 Nd7 13. b4 Bb6 14. Rfe1
Re8 15. Bf4 Bc7 16. Qf5 {(I was glad to get this move in. Now I can put some
real pressure on Black's kingside.)} Re6 {(After the game Albert thought this
rook should have gone to e7 instead. It got into some trouble after sliding
over to g6.)} 17. Nd4 Rg6 18. Bg3 Nf8 19. h4 Ne6 20. Nf3 {(I wanted to keep the
knight for possible use on g5 later.)} Nf8 21. h5 Re6 22. Rd4 Qd7 23. Rg4 Re7
24. Qf4 $2 {(EW: a momentary slip -- the e-pawn gets in big trouble now! White
can just guard queen with knight, when the exchange runs into disaster on
g7/h6).} (24. Nh4 $1 $16) (24. Nd4 $5 $16) 24... Ne6 $4 {As Mike Walder would
say, "Oops."} ({(EW: I concur with (more "accede" or "give in to") Stockfish
17.1's series of "only" moves now:} 24... Rae8 $1 25. Bh4 $1 f6 $1 26. Bxf6 $1
Rf7 $1 27. Rxg7+ $1 Rxg7 28. Qxh6 Qg4 $1 29. Qxg7+ Qxg7 30. Bxg7 Kxg7 $17 {but
have more trouble with the evaluation now -- those four (!) connected passed
pawns look dangerous! But maybe it's right, it's not so easy to mobilize them
further and things could fall off shortly.)}) 25. Qxh6 f5 26. Rg6 Nf8 27. Ng5
{I looked at this move a long time because it shuts in my queen; and after I
made it, I thought I saw a way for Black's king to escape, but don't have the
exact line in mind right now and can't turn on the engine while I'm typing a
comment. It's 9:11 PM on tournament night. We finished about 8:00 o'clock or
just after.} Rae8 28. e6 Qc8 {Compy gives . . . Bxg3 or . . . f4.} 29. Nf7 Rxf7
{Compy gave 29....Nxg6 as an equalizing move.} 30. exf7+ Kxf7 31. Qxg7# 1-0

[Event "2nd Silman TNM: u1600"]
[Site "San Francisco"]
[Date "2025.05.13"]
[Round "2.33"]
[White "Singer, Andrew"]
[Black "Myers, Steven Lee"]
[Result "1/2-1/2"]
[WhiteElo "1051"]
[BlackElo "1171"]
[PlyCount "77"]
[Beauty "6185424002057"]
[GameId "2177611393675445"]
[EventDate "2025.??.??"]

1. e4 d5 2. exd5 Nf6 3. Nc3 Nxd5 4. Nxd5 Qxd5 5. Nf3 Bg4 6. Be2 e5 7. h3 Bh5 8. d3 Nc6 9. O-O Be7 10. Re1 O-O-O 11. Nxe5 Bxe2 12. Qxe2 Rhe8 13. Qg4+ Kb8 14. Nxc6+ Qxc6 15. Qc4 Bd6 16. Be3 Qxc4 17. dxc4 Be5 18. c3 b6 19. Rad1 f6 20. Kf1 c5 21. Rd5 g5 22. Red1 Kc8 23. Rxd8+ Rxd8 24. Rxd8+ Kxd8 25. g4 h6 26. Ke2 Kd7 27. Kd3 Ke6 28. Ke4 Bd6 29. f4 a6 30. f5+ Kd7 31. a3 Kc6 32. b4 b5 33. cxb5+ axb5 34. Bf2 c4 35. Bd4 Be7 36. Be3 Bd6 37. Bd4 Be7 38. Bg1 Bd6 39. Bd4 1/2-1/2

[Event "2nd Silman TNM: u1600"]
[Site "San Francisco"]
[Date "2025.05.13"]
[Round "2.34"]
[White "Cao, Danny Du Uy"]
[Black "Liu, Eric"]
[Result "0-1"]
[Annotator "Cao,Danny Du Uy/Analyze This App"]
[WhiteElo "1167"]
[BlackElo "1307"]
[PlyCount "72"]
[Beauty "7903410930696"]
[GameId "2177611393675446"]
[EventDate "2025.??.??"]

1. d4 e6 2. Nf3 f5 3. Bg5 (3. Nc3) (3. e3) (3. Bf4) 3... Be7 4. Qd2 (4. Bxe7 Qxe7) 4... h6 5. Bxe7 Qxe7 6. Nc3 Nf6 7. e3 b6 8. h4 (8. O-O-O) (8. Bd3) (8. Be2) 8... Bb7 9. Ne5 Rg8 10. O-O-O d6 11. Ng6 Qf7 12. Nf4 (12. h5 Nxh5 13. Rxh5 Qxg6 14. Qe2) 12... Nbd7 13. f3 O-O-O 14. Bc4 d5 15. Bd3 g5 16. hxg5 hxg5 17. Nh3 Nh5 18. Qf2 (18. Ne2) 18... Rdf8 19. Ne2 Ndf6 20. Qf1 (20. g3) 20... Kb8 21. g3 Qe8 22. f4 g4 23. Ng5 Rg7 24. Qg2 c5 25. dxc5 (25. Bb5 Qxb5 26. Nxe6 Rgg8 27. Nxf8 Rxf8 28. Nc3) (25. c3 c4 26. Bc2) 25... bxc5 26. Bb5 (26. c3 c4 27. Bc2 (27. Bb1 d4 28. Qg1) 27... d4) 26... Qxb5 27. Nxe6 d4 28. Qg1 Bxh1 29. Qxh1 (29. Nxf8 Bf3) 29... Qxe2 30. Qc6 (30. Nxf8 Rc7 31. Ne6 Rc8) 30... Qxe3+ 31. Kb1 (31. Rd2 Ne4) 31... Rc8 32. Qb5+ Rb7 33. Qa6 Ne4 34. Ka1 (34. Rd3 Nc3+ 35. Ka1 Qc1#) (34. Nd8 Rxd8) 34... Rb6 35. Qa5 Rxe6 36. Rd3 (36. Qb5+ Rb6) 36... Qc1# 0-1

[Event "2nd Silman TNM: u1600"]
[Site "San Francisco"]
[Date "2025.05.13"]
[Round "2.35"]
[White "Burkhardt, Douglas Alan"]
[Black "Braithwaite, Andrew"]
[Result "0-1"]
[WhiteElo "863"]
[BlackElo "1137"]
[PlyCount "88"]
[Beauty "7353520884257"]
[GameId "2177611393675447"]
[EventDate "2025.??.??"]

1. d4 Nf6 2. Nf3 g6 3. g3 c6 4. Bg2 d5 5. c4 dxc4 6. Nbd2 b5 7. a4 Nbd7 8. axb5 cxb5 9. b3 c3 10. Nb1 b4 11. Bf4 Bb7 12. O-O Bg7 13. Ra4 a5 14. Qc2 Rc8 15. Ne5 Bxg2 16. Kxg2 Nd5 17. e3 f6 18. Nxg6 hxg6 19. Qxg6+ Kf8 20. h4 Nxf4+ 21. exf4 c2 22. Rc1 cxb1=Q 23. Qxb1 Rxc1 24. Qxc1 f5 25. Qa1 Nc5 26. Rxa5 Qxd4 27. Ra8+ Kf7 28. Qxd4 Bxd4 29. Ra5 Rc8 30. Rb5 Bc3 31. Kf3 Kf6 32. g4 fxg4+ 33. Kxg4 Rg8+ 34. Kh3 Nxb3 35. h5 Nd4 36. Rb6+ Kf5 37. h6 Rh8 38. Kh4 b3 39. Kg3 b2 40. f3 e6 41. Rb7 Rxh6 42. Rf7+ Kg6 43. Rb7 Rh1 44. Kg2 b1=Q 0-1

[Event "2nd Silman TNM: u1600"]
[Site "San Francisco"]
[Date "2025.05.13"]
[Round "2.38"]
[White "Blum, Paul"]
[Black "Le, Thu Anh"]
[Result "0-1"]
[Annotator "Le,Thu Anh"]
[WhiteElo "1009"]
[BlackElo "1217"]
[PlyCount "70"]
[Beauty "7973900127753"]
[GameId "2177684842787368"]
[EventDate "2025.??.??"]

{[%evp
0,62,9,24,20,48,21,14,28,6,22,-6,6,-29,-10,-10,5,12,61,134,70,40,41,41,33,15,-31,11,-78,-38,-34,6,-47,7,-66,-117,-111,-130,-123,-207,-114,-193,-5,-66,19,96,31,46,42,3,-27,-9,-6,-23,-208,-72,-202,-192,-200,-247,-105,-167,-179,-310,-190]}
1. d4 Nf6 2. Nf3 g6 3. g3 Bg7 4. Bg2 c5 5. e3 cxd4 6. Nxd4 $6 O-O (6... d5) 7.
c4 d6 8. Nc3 e5 (8... Nc6 9. Nxc6 bxc6 10. Bxc6 Rb8) 9. Ndb5 Ne8 (9... Nc6 10.
Nxd6) (9... Nbd7) (9... e4 10. Nxe4 Nxe4 11. Bxe4) 10. O-O (10. c5 a6 $6 11.
Nxd6 Nxd6 12. cxd6) 10... a6 11. Na3 Nc6 12. Nd5 Nf6 13. e4 Nxd5 14. exd5 Nd4
15. Be3 Bf5 16. Bxd4 $2 exd4 17. Nc2 Qb6 18. Rb1 Rfe8 19. b3 $2 Rac8 (19... d3
20. Ne3 Rxe3 21. fxe3 Qxe3+ 22. Kh1 d2 23. Rxf5 gxf5 24. Bf3) 20. Rc1 $2 Be4
21. Re1 Bxg2 $6 22. Rxe8+ Rxe8 23. Kxg2 $1 Bh6 24. f4 $6 Bg7 25. Qd3 Qa5 26.
Nxd4 $2 Bxd4 27. Qxd4 Qxa2+ 28. Kh3 Qxb3 $6 29. Qc3 Qa4 30. Qf6 $6 Qd7+ $6 31.
Kg2 $6 Qg4 32. Qxd6 $2 (32. Rf1 Qe2+ (32... Re2+ 33. Rf2) 33. Rf2 Qxc4 34. Qxd6
Qe4+ 35. Kh3 Qf5+ 36. Kg2 a5) (32. Rc2 h5 33. Rd2 h4 34. Qc3 Re4) 32... Re2+
33. Kg1 Qh3 34. Qd8+ $2 (34. Qb8+) 34... Kg7 35. Qh4 Qg2# 0-1

[Event "2nd Silman TNM: 2000+"]
[Site "San Francisco"]
[Date "2025.05.20"]
[Round "3.1"]
[White "Suarez, Sebastian"]
[Black "Heimann, Mark"]
[Result "1/2-1/2"]
[Annotator "TA"]
[WhiteElo "2200"]
[BlackElo "2597"]
[PlyCount "173"]
[GameId "2180539581698287"]
[EventDate "2025.??.??"]

{[%evp 18,172,52,34,52,55,63,58,61,-15,-15,-13,-11,-31,-8,-11,-6,-64,-64,-70,-79,-87,-66,-143,-114,-161,-179,-238,-235,-240,-121,-111,-43,-45,-46,-49,-58,-109,-50,-49,-47,-213,-234,-336,-328,-325,-316,-298,-261,-449,0,0,38,40,177,175,357,344,348,347,337,338,335,315,579,581,570,506,755,661,29950,29958,29959,29960,29961,29962,29959,8308,29965,29964,29967,29971,29970,29973,29973,29974,29974,29975,29975,29968,29969,29973,29968,29974,29974,29975,29975,29976,29976,29976,29975,29977,29978,29979,29979,29980,29980,29981,29981,29982,29982,29983,29983,29982,29982,29983,29983,29982,29982,29982,29982,29983,29983,29984,29984,29983,29984,29984,29984,29980,29983,29984,29984,29983,29983,29984,29984,29985,29985,29985,29986,29987,29990,12,13,0,0,0,0,0,0,0,0,0,0,0,0]} 1. e4 {[%emt 0:00:15]} e5 {[%emt 0:02:43]} 2. Nf3 {[%emt 0:00:07]} Nc6 {[%emt 0:00:02]} 3. Bb5 {[%emt 0:00:07]} a6 {[%emt 0:00:05]} 4. Ba4 {[%emt 0:00:04]} Nf6 {[%emt 0:00:05]} 5. O-O {[%emt 0:00:51]} d6 {[%emt 0:00:07]} 6. Re1 {[%emt 0:00:37]} Bd7 {[%emt 0:00:05]} 7. c3 {[%emt 0:06:15]} g6 {[%emt 0:00:55]} 8. h3 {[%emt 0:02:07]} Bg7 {[%emt 0:00:08]} 9. d4 {[%emt 0:01:54]} O-O {[%emt 0:00:09]} 10. Nbd2 {[%emt 0:21:11]} Re8 {[%emt 0:00:33] C60: Ruy Lopez: Unusual Black 3rd moves and 3...g6.} 11. Bc2 {[%emt 0:02:03]} a5 {[%emt 0:00:25]} 12. Nf1 {[%emt 0:01:46]} a4 {[%emt 0:00:28] White is slightly better.} 13. a3 {[%emt 0:02:03]} (13. Bxa4 exd4 14. Bxc6 Bxc6 15. Nxd4 Bxe4 $15 (15... Nxe4 16. Nxc6 bxc6 17. a4 $11)) ({White should try} 13. Ng3 $14) 13... b5 $11 {[%emt 0:00:43]} 14. dxe5 {[%emt 0:08:35]} dxe5 {[%emt 0:05:19]} 15. c4 $146 {[%emt 0:03:38]} (15. Bg5 h6 16. Bh4 Qc8 17. Ne3 Na5 18. Bg3 Nh5 19. Bh2 c6 20. Qe2 Nf4 21. Bxf4 exf4 {0-1 (60) Alekseenko,K (2702)-Sjugirov,S (2680) Chess.com INT 2022}) 15... Qb8 {[%emt 0:05:04]} 16. cxb5 {[%emt 0:03:20]} Qxb5 {[%emt 0:00:37][%cal Oc6d4]} 17. Bd2 {[%emt 0:10:01]} (17. b4 $11) 17... Nd4 $15 {[%emt 0:02:10] Black has a strong knight and is better} 18. Bc3 $1 {[%emt 0:01:29]} c5 {[%emt 0:03:29]} 19. Bd3 {[%emt 0:00:58] Black has space advantage and is better} Qb7 {[%emt 0:01:01]} 20. Bc4 {[%emt 0:00:17]} (20. N1d2 $15) 20... Bc6 {[%emt 0:07:59]} (20... Nxe4 21. Rxe4 Qxe4 22. Bxf7+ Kh8 23. Ng3 $15 (23. Bxe8 Rxe8 24. Ng3 Qd5 $15)) 21. Ng3 {[%emt 0:03:03]} (21. N1d2 $17) 21... Rad8 $19 {[%emt 0:02:01]} (21... Nxe4 22. Nxe4 Bxe4 23. Rxe4 (23. Bxf7+ Qxf7 24. Rxe4 Rf8 $15) 23... Qxe4 24. Bxf7+ Kh8 25. Bxe8 Rxe8 26. Bxd4 (26. Qxa4 $2 Nxf3+ {[%csl Oa4][%mdl 64] Discovered Attack} 27. gxf3 Qxa4 $19) 26... cxd4 27. Qxa4 $14) (21... Bxe4 22. Rxe4 (22. Bxf7+ Qxf7 23. Nxe4 Nxe4 $11) 22... Nxe4 23. Nxe4 Qxe4 24. Bxf7+ Kh8 25. Bxe8 Rxe8 26. Bxd4 cxd4 27. Qxa4 $11) 22. Qb1 {[%emt 0:00:31]} (22. Rb1 $142) 22... Bh6 {[%emt 0:05:50]} 23. Nd2 {[%emt 0:12:20]} Bxd2 {[%emt 0:03:50]} (23... Bb5 $19 24. Ngf1 Bxc4 25. Nxc4 Qb5) 24. Bxd2 $17 {[%emt 0:00:03] [#]} Nf3+ {[%emt 0:00:24]} 25. gxf3 $15 {[%emt 0:00:13] And now Qc1 would win.} Rxd2 {[%emt 0:00:04]} 26. b4 {[%emt 0:02:47]} Rd4 {[%emt 0:11:47]} 27. Qa2 {[%emt 0:00:48]} (27. Rc1 $15) 27... cxb4 {[%emt 0:01:44]} (27... Red8 $17 {and ...Bb5 would now be decisive} 28. bxc5 Qe7) 28. axb4 {[%emt 0:00:02]} Red8 {[%emt 0:00:22][%cal Og8g7]} 29. Rab1 $2 {[%emt 0:10:05]} (29. Rec1 $15) 29... Bb5 $19 {[%emt 0:01:08]} 30. Rec1 {[%emt 0:01:33]} (30. Bxb5 Qxb5 31. Kg2) 30... Rd2 {[%emt 0:09:21]} 31. Rb2 {[%emt 0:00:25]} Rd1+ {[%emt 0:00:44]} 32. Rxd1 {[%emt 0:00:02]} Rxd1+ {[%emt 0:00:04]} 33. Kg2 $2 {[%emt 0:00:20] [#]} (33. Kh2 {was the only defense.}) 33... a3 $2 {[%emt 0:03:06]} 34. Bb3 $11 {[%emt 0:01:36]} axb2 {[%emt 0:00:42]} (34... Nh5 $11 {deserves consideration.} 35. Nxh5 Bf1+ 36. Kg1 (36. Kg3 $2 Qe7 $19) 36... Bc4+ (36... axb2 37. Bxd1 Qxb4 38. Qa8+ Qf8 39. Nf6+ Kg7 40. Qxf8+ Kxf8 41. Bc2 $14) 37. Bxd1 Bxa2 38. Rxa2 gxh5 (38... Qxb4 39. Nf6+ Kg7 40. Nd5 $17) 39. Rxa3 Qxb4 40. Ra8+ Kg7) 35. Bxd1 $14 {[%emt 0:00:02]} Qd7 {[%emt 0:00:30] [#]} (35... h5 $14 36. Qxb2 h4) 36. Qxb2 $1 $18 {[%emt 0:00:46]} Qxd1 $2 {[%emt 0:05:59]} (36... Qe7 {might work better.} 37. Be2 Bxe2 38. Nxe2 Nd7) 37. Qxe5 {[%emt 0:00:02]} Qa4 {[%emt 0:00:49]} 38. Qxf6 {[%emt 0:00:05]} Qxb4 {[%emt 0:00:03][%mdl 4096] Endgame KQB-KQN. White is a pawn up.} 39. h4 {[%emt 0:00:38]} h5 {[%emt 0:00:29]} 40. f4 {[%emt 0:00:39][%cal Bf3f4,Bf4f5][%mdl 32]} Qf8 $2 {[%emt 0:04:06]} (40... Bc4 41. f5 Kh7) 41. f5 {[%emt 0:00:24]} Qe8 {[%emt 0:00:15]} 42. e5 {[%emt 0:02:25]} Qa8+ {[%emt 0:03:57]} 43. Kh2 {[%emt 0:00:13]} Qf3 {[%emt 0:00:36]} 44. fxg6 {[%emt 0:00:17][%csl Of3][%mdl 64] Discovered Attack} Qxf6 {[%emt 0:00:05]} 45. exf6 {[%emt 0:00:02]} fxg6 {[%emt 0:00:09] KB-KN. White is a pawn up.} 46. Ne4 {[%emt 0:00:12]} Bd3 {[%emt 0:02:02]} 47. Ng5 {[%emt 0:00:23]} (47. Nd6 $142 Kf8 48. Kg3 Kg8 49. Kf4 Kf8 50. Kg5 Kg8 51. f4 Bc2 52. Nc4) 47... Kf8 {[%emt 0:00:51]} 48. Kg3 {[%emt 0:00:04]} Bb1 {[%emt 0:00:49]} 49. Kf4 {[%emt 0:00:05]} Bc2 {[%emt 0:00:06]} 50. Nf3 {[%emt 0:00:19]} Kg8 {[%emt 0:00:55]} 51. Kg5 {[%emt 0:00:13]} Kh7 {[%emt 0:00:05]} 52. Nd4 {[%emt 0:00:19]} Bb1 {[%emt 0:00:10]} 53. Kf4 {[%emt 0:01:12]} Kg8 {[%emt 0:00:06]} 54. Nc6 {[%emt 0:02:30]} Kf7 {[%emt 0:00:25]} 55. Kg5 {[%emt 0:02:41]} Kg8 {[%emt 0:00:03]} 56. Ne5 {[%emt 0:00:38]} Kh7 {[%emt 0:00:03]} 57. f7 {[%emt 0:00:24]} Kg7 {[%emt 0:00:02]} 58. Nxg6 {[%emt 0:00:13]} Kxf7 {[%emt 0:00:03]} 59. Nf4 {[%emt 0:00:05]} ({Not} 59. Kxh5 Bxg6+ 60. Kg5 Bd3 $11) 59... Bc2 {[%emt 0:00:52]} 60. Nxh5 {[%emt 0:00:09]} (60. Kxh5 Bh7 61. Kg5 Be4 $18) 60... Bb1 {[%emt 0:00:21]} 61. f4 {[%emt 0:00:08][%cal Bf2f4,Bf4f5][%mdl 32]} Bc2 {[%emt 0:00:16]} 62. f5 {[%emt 0:00:11]} Bb1 {[%emt 0:00:09]} 63. Nf4 {[%emt 0:00:08]} Bc2 {[%emt 0:00:13]} 64. Ng6 {[%emt 0:00:06]} Bb3 {[%emt 0:00:17]} 65. Ne5+ {[%emt 0:00:15]} Kg7 {[%emt 0:00:05]} 66. h5 {[%emt 0:00:25]} Ba2 {[%emt 0:00:09]} 67. Nd3 {[%emt 0:04:09]} Bb3 {[%emt 0:00:10]} 68. Nb4 {[%emt 0:00:46]} Bc4 {[%emt 0:00:14]} 69. Nc6 {[%emt 0:00:10]} Bb3 {[%emt 0:00:09]} 70. Nd4 {[%emt 0:01:10]} Ba2 {[%emt 0:00:05]} 71. Ne6+ {[%emt 0:00:10]} Kh7 {[%emt 0:00:11]} 72. Nd4 {[%emt 0:01:39]} Bc4 {[%emt 0:00:22]} 73. Kf6 {[%emt 0:00:35]} Bg8 {[%emt 0:00:11]} 74. Kg5 {[%emt 0:00:29]} Bc4 {[%emt 0:00:04]} 75. Nc6 {[%emt 0:00:12]} Bb3 {[%emt 0:00:16]} 76. Ne7 {[%emt 0:00:15]} Ba2 {[%emt 0:00:10]} 77. h6 {[%emt 0:00:34]} Bb3 {[%emt 0:00:14]} 78. Ng6 {[%emt 0:00:07]} Ba2 {[%emt 0:00:10]} 79. Nf8+ {[%emt 0:00:07]} Kg8 {[%emt 0:00:04] [#]} 80. Kf6 $2 {[%emt 0:00:57]} Bb1 $1 $11 {[%emt 0:00:17] The position is equal.} 81. Nd7 {[%emt 0:00:37]} Kh7 {[%emt 0:00:07]} 82. Kg5 {[%emt 0:00:01]} Bxf5 $1 {[%emt 0:00:11][%mdl 64] Deflection} 83. Nf8+ {[%emt 0:00:16]} Kg8 {[%emt 0:00:02]} 84. Kxf5 {[%emt 0:00:13][%cal Of5f6]} Kxf8 {[%emt 0:00:02]} 85. Kg6 {[%emt 0:00:08] White wants to mate with h7.} (85. Ke6 $5) 85... Kg8 {[%emt 0:00:02]} 86. h7+ {[%emt 0:00:06]} Kh8 {[%emt 0:00:02]} {Black defended with fortune. An exciting game.   Weighted Error Value: White=0.36/Black=0.56} 87. Kh6 {[%emt 0:00:05]} 1/2-1/2

[Event "2nd Silman TNM: 2000+"]
[Site "San Francisco"]
[Date "2025.05.20"]
[Round "3.2"]
[White "Das, Rohan"]
[Black "Heiserman, Jimmy"]
[Result "1/2-1/2"]
[Annotator "TA"]
[WhiteElo "2099"]
[BlackElo "2306"]
[PlyCount "108"]
[GameId "2180539581698288"]
[EventDate "2025.??.??"]

{[%evp 18,108,9,9,8,10,56,57,53,37,41,42,44,45,48,-5,0,-2,-6,-10,-6,-12,-4,-6,-11,-10,-8,-62,-73,-80,-110,-423,-422,-392,-69,-375,-357,-402,-328,-364,-157,-392,-375,-389,-393,-383,-41,-30,-41,-35,-2,0,0,0,0,0,0,0,0,0,0,0,0,0,0,0,0,0,0,0,0,0,0,0,0,0,0,0,0,0,0,0,0,0,0,0,0,0,0,0,0,0,0]} 1. d4 {[%emt 0:16:09]} Nf6 {[%emt 0:00:10]} 2. c4 {[%emt 0:00:04]} g6 {[%emt 0:00:06]} 3. Nc3 {[%emt 0:00:01]} d5 {[%emt 0:00:06]} 4. cxd5 {[%emt 0:00:02]} Nxd5 {[%emt 0:00:05]} 5. e4 {[%emt 0:00:04]} Nxc3 {[%emt 0:00:06]} 6. bxc3 {[%emt 0:00:04]} Bg7 {[%emt 0:00:04]} 7. Be3 {[%emt 0:00:03]} c5 {[%emt 0:00:06]} 8. Qd2 {[%emt 0:00:02]} Qa5 {[%emt 0:00:06]} 9. Nf3 $1 {[%emt 0:00:03][%mdl 4] is now more promising than 9.Rc1.} Nc6 {[%emt 0:03:31]} 10. Rb1 {[%emt 0:00:06]} a6 {[%emt 0:00:11] Prevents Rb5. D85: Exchange Grünfeld: Unusual White 7th moves and lines with 7 Nf3.} 11. Rc1 {[%emt 0:00:10]} (11. dxc5 $2 Bxc3 12. Bc4 Bxd2+ $19) 11... Bg4 {[%emt 0:00:18]} (11... cxd4 $11 12. cxd4 Qxd2+ 13. Kxd2 O-O) 12. d5 $14 {[%emt 0:03:24] White plays in the center} Rd8 {[%emt 0:01:15] White is slightly better.} 13. Be2 {[%emt 0:03:21]} O-O {[%emt 0:03:43]} 14. O-O {[%emt 0:00:54]} Bxf3 {[%emt 0:01:29]} 15. Bxf3 {[%emt 0:00:43]} e6 {[%emt 0:00:44]} 16. Qb2 $146 {[%emt 0:22:20]} (16. Rfd1 $14) (16. Rfd1 exd5 17. exd5 Ne5 18. c4 Nxf3+ 19. gxf3 Qc7 20. d6 Qd7 21. Bxc5 Rfe8 22. Be3 Qh3 23. Bf4 Qxf3 {½-½ (23) Khenkin,I (2659)-Zhao,Z (2537) Cammeray 2013}) 16... exd5 $11 {[%emt 0:07:41]} 17. exd5 {[%emt 0:03:56]} Ne5 {[%emt 0:00:17]} 18. Qxb7 {[%emt 0:17:48]} Rd7 {[%emt 0:05:56]} 19. Qb3 {[%emt 0:15:21] [#] and c4 would now be decisive} c4 {[%emt 0:00:27]} 20. Qb4 {[%emt 0:02:22]} (20. Qd1 Nxf3+ (20... Qxa2 21. g3 $11) 21. Qxf3 Rxd5 $15 (21... Bxc3 22. Rfd1 $14)) 20... Nxf3+ {[%emt 0:02:24]} 21. gxf3 {[%emt 0:00:28]} Qxd5 {[%emt 0:06:46]} 22. Rfd1 {[%emt 0:02:57]} Qxf3 $15 {[%emt 0:00:13] Black attacks} (22... Qxd1+ 23. Rxd1 Rxd1+ 24. Kg2 $11) 23. Rxd7 {[%emt 0:00:19]} Qg4+ {[%emt 0:00:05]} 24. Kf1 $2 {[%emt 0:12:09][%mdl 8192]} (24. Kh1 $17 {nothing else works.} Qxd7 25. Qxc4) 24... Qxd7 $19 {[%emt 0:00:45]} 25. Qxc4 {[%emt 0:00:37]} Qb7 {[%emt 0:07:27] Prevents Qe4.} (25... Qh3+ $19 26. Ke2 Qh5+ (26... Qxh2 $2 27. Qe4 $19) 27. Kf1 Qh3+ (27... Qxh2 $2 28. Qc6 $19)) 26. h4 $2 {[%emt 0:04:15][%mdl 8192]} (26. Kg1 $15) 26... Re8 {[%emt 0:01:06] And now ...Qh1+ would win.} 27. Re1 {[%emt 0:00:54]} Rc8 {[%emt 0:08:49]} 28. Qd3 {[%emt 0:01:00]} Bf6 {[%emt 0:01:53]} ({Less strong is} 28... Bxc3 29. Rc1 Bg7 (29... Qh1+ 30. Ke2 $15) 30. Rxc8+ Qxc8 31. Qe4 $17) (28... Qh1+ $19 29. Ke2 Qxh4 30. Qxa6 Qh5+ (30... Rxc3 $2 31. Qa8+ Bf8 32. Qd5 $17) 31. Kf1 Qh3+ (31... Rxc3 32. Qa8+ Bf8 33. Qe4 $17) 32. Kg1 Qg4+ (32... Rxc3 33. Qa4 $17) (32... Bxc3 33. Rc1 $17) 33. Kf1 Rxc3 (33... Bxc3 34. Rc1 $17) 34. Qa8+ Rc8) 29. Rb1 $2 {[%emt 0:02:05]} (29. Kg1 $17) 29... Qh1+ {[%emt 0:04:04]} 30. Ke2 {[%emt 0:00:04]} Qxh4 {[%emt 0:00:09]} 31. Qxa6 {[%emt 0:00:04]} Rxc3 {[%emt 0:10:04]} (31... Qh5+ $19 32. Kf1 Qh3+ (32... Rxc3 33. Qxf6 Qh1+ 34. Ke2 $11) 33. Ke2 Qf5 (33... Bxc3 $2 34. Qb7 $19)) 32. Rb8+ $1 $15 {[%emt 0:02:18]} Kg7 {[%emt 0:00:07]} 33. Qd6 {[%emt 0:00:46][%csl Gb8][%cal Rd6f8]} Rc2+ {[%emt 0:13:25]} (33... Qc4+ $5 34. Ke1 Rxe3+ (34... Qxa2 35. Qf8#) 35. fxe3 Bc3+ (35... Qxa2 36. Qf8#) 36. Kf2 Qxa2+ 37. Kg1 Qd2 38. Qxd2 Bxd2 $11) 34. Kd1 {[%emt 0:01:12] Really sharp! The position is equal.} Rc8 {[%emt 0:00:05][%mdl 64] [#] Against Qf8+. Decoy} 35. Rxc8 {[%emt 0:02:39][%csl Gc8][%cal Rd6f8]} Qg4+ {[%emt 0:00:05]} 36. Kd2 {[%emt 0:00:47]} Qxc8 {[%emt 0:00:05]} 37. Bh6+ {[%emt 0:00:19][%mdl 64] Deflection} Kxh6 {[%emt 0:00:06]} 38. Qxf6 $11 {[%emt 0:00:02][%mdl 4096] Endgame KQ-KQ. Black is a pawn up.} Qc4 {[%emt 0:00:38]} 39. a3 {[%emt 0:02:46]} Qa2+ {[%emt 0:00:41]} 40. Ke1 {[%emt 0:00:05]} Qxa3 {[%emt 0:00:50]} 41. Qxf7 {[%emt 0:00:22]} Qc1+ {[%emt 0:00:27]} 42. Ke2 {[%emt 0:00:04]} Qc2+ {[%emt 0:00:12]} 43. Kf1 {[%emt 0:00:32]} Qf5 {[%emt 0:00:11]} 44. Qe7 {[%emt 0:00:33]} g5 {[%emt 0:00:11]} 45. Qd6+ {[%emt 0:00:37]} Kg7 {[%emt 0:00:44]} 46. Qe7+ {[%emt 0:01:35]} Kg6 {[%emt 0:00:10]} 47. Qd6+ {[%emt 0:00:22]} Qf6 {[%emt 0:00:27]} 48. Qd3+ {[%emt 0:00:04]} Kg7 {[%emt 0:01:26]} 49. Qd7+ {[%emt 0:00:13]} Kg6 {[%emt 0:06:09]} 50. Qd3+ {[%emt 0:00:06]} Qf5 {[%emt 0:00:11]} 51. Qd6+ {[%emt 0:00:22]} Kf7 {[%emt 0:00:06]} 52. Qc7+ {[%emt 0:00:15]} Kf6 {[%emt 0:00:26]} 53. Qd8+ {[%emt 0:00:26]} Ke5 {[%emt 0:00:57]} 54. Qa5+ {[%emt 0:01:05]} {Black had all chances to win.   Weighted Error Value: White=0.39/Black=0.41} Ke6 1/2-1/2